[Event "Catalunya-chT"]
[Site "Spain"]
[Date "1999.??.??"]
[Round "2"]
[White "Granados Gomez, Manuel"]
[Black "Sanchez Devesa, Antoni"]
[Result "1-0"]
[WhiteElo "2455"]
[BlackElo "2210"]
[PlyCount "79"]
[EventDate "1999.??.??"]
[EventType "team-tourn"]
[EventRounds "9"]
[EventCountry "ESP"]
[SourceTitle "EXT 2000"]
[Source "ChessBase"]
[SourceDate "1999.11.16"]
[SourceVersion "1"]
[SourceVersionDate "1999.11.16"]
[SourceQuality "1"]

1. d4 d5 2. Nf3 c6 3. c4 Nf6 4. Nc3 dxc4 5. e4 b5 6. e5 Nd5 7. a4 e6 8. axb5 Nxc3 9. bxc3 cxb5 10. Ng5 Bb7 11. Qh5 g6 12. Qg4 h5 13. Qg3 Bd5 14. Be2 Be7 15. 0-0 a6 16. Bf3 Bxg5 17. Bxg5 Qd7 18. Rfb1 Qc6 19. Bxd5 Qxd5 20. Bf6 Rh7 21. Qf3 Qxf3 22. gxf3 Nc6 23. Rxb5 axb5 24. Rxa8+ Kd7 25. h4 Kc7 26. Kf1 Kb7 27. Ra1 b4 28. cxb4 Nxd4 29. Rc1 g5 30. Bxg5 Nxf3 31. Bf6 Kb6 32. Kg2 Nd2 33. Rc2 Ne4 34. Rxc4 Nxf6 35. exf6 Kb5 36. Rc7 Kxb4 37. Kf3 Rh6 38. Rxf7 Kc5 39. Kf4 Rg6 40. Ke5 1-0

[Event "Catalunya-chT"]
[Site "Spain"]
[Date "1999.??.??"]
[Round "1"]
[White "Pablo Marin, Alejandro"]
[Black "Sanchez Devesa, Antoni"]
[Result "1-0"]
[WhiteElo "2455"]
[BlackElo "2210"]
[PlyCount "78"]
[EventDate "1999.??.??"]
[EventType "team-tourn"]
[EventRounds "9"]
[EventCountry "ESP"]
[SourceTitle "EXT 2000"]
[Source "ChessBase"]
[SourceDate "1999.11.16"]
[SourceVersion "1"]
[SourceVersionDate "1999.11.16"]
[SourceQuality "1"]

1. e4 c5 2. Nf3 d6 3. d4 cxd4 4. Nxd4 Nf6 5. Nc3 a6 6. Be2 e5 7. Nb3 Be7 8. 0-0 0-0 9. a4 Be6 10. f4 exf4 11. Bxf4 Nc6 12. Kh1 d5 13. e5 Nd7 14. Nxd5 Bxd5 15. Qxd5 Ndxe5 16. Rad1 Qxd5 17. Rxd5 f6 18. c3 Rfd8 19. Rfd1 Rxd5 20. Rxd5 Kf7 21. Kg1 Rd8 22. Rxd8 Bxd8 23. Be3 Be7 24. Nd2 Ke6 25. b4 Kd7 26. Nb3 Kc7 27. b5 axb5 28. axb5 Nd8 29. b6+ Kc8 30. Kf1 Ndf7 31. c4 Nd6 32. c5 Ne4 33. Bb5 g6 34. Bd4 Nd7 35. c6 bxc6 36. Bxc6 Nd6 37. Na5 Nb8 38. Bd5 Kd7 39. Nb3 Nb5 1-0

[Event "ESP-chT"]
[Site "Spain"]
[Date "1998.??.??"]
[Round "?"]
[White "Sanchez Devesa, Antoni"]
[Black "Calvo Minguez, Ricardo"]
[Result "0-1"]
[WhiteElo "2290"]
[BlackElo "2355"]
[PlyCount "148"]
[EventDate "1998.??.??"]
[EventType "team-tourn"]
[EventRounds "9"]
[EventCountry "ESP"]
[SourceTitle "EXT 2004"]
[Source "ChessBase"]
[SourceDate "2003.11.25"]
[SourceVersion "1"]
[SourceVersionDate "2003.11.25"]
[SourceQuality "1"]

1. d4 e6 2. Nf3 Nf6 3. Bg5 h6 4. Bxf6 Qxf6 5. e4 d6 6. c3 Nd7 7. Nbd2 g6 8. Bd3 Bg7 9. h4 Qe7 10. Qc2 a6 11. 0-0-0 b6 12. Nc4 Bb7 13. Ne3 c5 14. d5 e5 15. h5 Bf6 16. Nc4 Kf8 17. g3 Kg7 18. Nh2 Bg5+ 19. Kb1 b5 20. Na5 c4 21. Be2 Nc5 22. Rdf1 Rae8 23. Nxb7 Qxb7 24. f4 Bd8 25. hxg6 fxg6 26. f5 Qf7 27. Nf3 g5 28. Nd2 Ref8 29. Bh5 Qa7 30. Nf3 Rf6 31. Nh2 Nd7 32. Ng4 Rff8 33. Bg6 Nf6 34. Nxh6 Bb6 35. Nf7 Rxf7 36. Rxh8 Kxh8 37. Rh1+ Kg8 38. Bxf7+ Kxf7 39. Qh2 Qb8 40. Qh6 Qg8 41. Re1 Bf2 42. Re2 Bxg3 43. Qh1 Qh7 44. Qg1 Qh5 45. Rg2 Bf4 46. a4 Nxe4 47. Qa7+ Kf6 48. Qd7 Qd1+ 49. Ka2 Qxa4+ 50. Kb1 Qd1+ 51. Ka2 Qxd5 52. Re2 Nc5 53. Qc8 Qb7 54. Qf8+ Qf7 55. Qxd6+ Kxf5 56. Qxc5 g4 57. Qc8+ Qe6 58. Qf8+ Kg5 59. Qg7+ Kf5 60. Re1 g3 61. Qf8+ Kg4 62. Qg7+ Kf3 63. Qh7 g2 64. Qe4+ Kg3 65. Rg1 Qh3 66. Re1 Qg4 67. Qc6 Kf2 68. Rb1 Qf3 69. Qg6 e4 70. Qg7 e3 71. b4 e2 72. Ka3 e1Q 73. Rxe1 Kxe1 74. Qxg2 Bc1+ 0-1